Best Picture Winners: 1990s - Sudden Death - Statistics

General Stats
  • This quiz has been taken 4,694 times
  • The average score is 6 of 10
Answers on the Grid
Answers color-coded by a green-red scale on the quiz's grid according to % correct below.
American Beauty
Babe: Pig in the City
Braveheart
Dances with Wolves
English Patient
Ernest Goes to Jail
Forrest Gump
Home Alone
Jumanji
Misery
Mission Impossible
Schindler’s List
Shakespeare in Love
Shawshank Redemption
Silence of the Lambs
Sister Act
Snatch
Space Jam
T2: Judgment Day
Truman Show
Titanic
Toy Story
Unforgiven
Waterworld
 
Answer Stats
Answer % Correct
Forrest Gump
79%
American Beauty
76%
Schindler’s List
76%
Dances with Wolves
67%
Braveheart
65%
Titanic
65%
English Patient
63%
Shakespeare in Love
58%
Silence of the Lambs
57%
Unforgiven
42%
No matching quizzes found
Score Distribution
Percent of People with Each Score
Percentile by Number Answered
Your Score History
You have not taken this quiz